000 00822nam a22002177a 4500
999 _c16502
_d16502
003 AR-CdUCM
008 190503b ||||| |||| 00| 0 spa d
040 _aMUNICIPALIDAD PROVINCIAL DEL CUSCO
_cBIBLIOTECA MUNICIPAL DEL CUSCO
082 _a869.508 /
_bP74
100 _aPoe, Edgar Allan
_935977
245 _aSus mejores cuentos /
260 _aLima :
_bPopulibros peruanos,
300 _a125 páginas ;
_c17 cm.
440 _aPopulibros peruanos ;
_95597
505 _aContenido: El escarabajo de oro -- La verdad sobre el casi del Sr. Valdemar -- El gato negro -- El corazón revelador -- El pozo y el péndulo -- La barrica de amontillado.
650 _aCuentos estadounidenses
_910259
650 _aCuentos fantásticos
_910885
650 _aSiglo XIX.
_9971
942 _2ddc
_cLIBROS
945 _adavv
_d03/05/2019